00496cam a22002057a 4500003000500000005001700005008004100022010001000063011001000073035001000083040000900093100002300102245002200125250001000147260003300157300001900190490003200209650001700241830003200258CHAP20220817042233.0971013s1981 r 00010 d a38359 a39331 a43451 cCHAP00aPelagallo, Enrico.13aLa vite a tendone a4 ed. aBologna :bEdagricole,c1981 a84 p.b: ilus. 0aUniversale Edagricolav; 3514aViticultura.0 aUniversale Edagricolav; 35